[Event "GER-chT U16"]
[Site "Kiel"]
[Date "2022.07.25"]
[Round "6.6"]
[White "Alms, Frithjof"]
[Black "Tham, Nam"]
[Result "0-1"]
[WhiteElo "1603"]
[BlackElo "1951"]
[PlyCount "50"]
[EventDate "2022.07.22"]
[EventType "team-swiss"]
[EventRounds "7"]
[EventCountry "GER"]
[SourceTitle "CBM 209 Extra"]
[Source "ChessBase"]
[SourceDate "2022.09.30"]
[SourceVersion "1"]
[SourceVersionDate "2022.09.30"]
[SourceQuality "1"]
[WhiteTeam "Eilendorf Arminia"]
[BlackTeam "Weisse Dame"]
[WhiteTeamCountry "GER"]
[BlackTeamCountry "GER"]

1. e4 e5 2. Nf3 Nc6 3. Bb5 a6 4. Ba4 b5 5. Bb3 Bc5 6. 0-0 d6 7. h3 Bb6 8. c3 h6 9. d4 Qf6 10. d5 Na5 11. Bc2 Ne7 12. Nbd2 g5 13. Nh2 h5 14. b4 Nb7 15. Nb3 g4 16. Be3 gxh3 17. g3 Bxe3 18. fxe3 Qg7 19. Qf3 Rg8 20. Kf2 Bd7 21. Rg1 0-0-0 22. Ke2 Rdf8 23. Raf1 f5 24. Qxh5 Rh8 25. Qf3 fxe4 0-1

[Event "GER-chT U16"]
[Site "Kiel"]
[Date "2022.07.24"]
[Round "3.9"]
[White "Eichhorn, Mathilda Sophie"]
[Black "Tham, Nam"]
[Result "0-1"]
[WhiteElo "1327"]
[BlackElo "1951"]
[PlyCount "114"]
[EventDate "2022.07.22"]
[EventType "team-swiss"]
[EventRounds "7"]
[EventCountry "GER"]
[SourceTitle "CBM 209 Extra"]
[Source "ChessBase"]
[SourceDate "2022.09.30"]
[SourceVersion "1"]
[SourceVersionDate "2022.09.30"]
[SourceQuality "1"]
[WhiteTeam "Schott Jena"]
[BlackTeam "Weisse Dame"]
[WhiteTeamCountry "GER"]
[BlackTeamCountry "GER"]

1. e4 e5 2. Nf3 Nc6 3. Bc4 Bc5 4. c3 Nf6 5. d4 exd4 6. cxd4 Bb4+ 7. Bd2 Bxd2+ 8. Nbxd2 d5 9. exd5 Nxd5 10. Qb3 Nce7 11. 0-0 0-0 12. Rfe1 Nb6 13. Bd3 Bf5 14. Rac1 c6 15. Bxf5 Nxf5 16. Qd3 Nh4 17. Nxh4 Qxh4 18. Nf3 Qf6 19. b3 Rad8 20. Qe4 Nd5 21. Qe5 Rd6 22. Qxf6 Rxf6 23. a3 Nf4 24. Rcd1 Rd6 25. Re7 Rb8 26. Re4 Nd5 27. Rde1 f6 28. Rc1 Kf7 29. Nh4 g6 30. g3 Rbd8 31. Nf3 Nc7 32. a4 Ne6 33. Rce1 R8d7 34. Rd1 c5 35. d5 Rxd5 36. Rxd5 Rxd5 37. Re3 Rd1+ 38. Kg2 a6 39. h4 b5 40. axb5 axb5 41. Ne1 Rc1 42. Nd3 Rb1 43. f3 b4 44. Kf2 Rxb3 45. Ne5+ fxe5 46. Rxb3 Nd4 47. Rb1 b3 48. Ke3 Ke6 49. f4 exf4+ 50. gxf4 Kd5 51. h5 Kc4 52. hxg6 hxg6 53. Kd2 Kb4 54. Kd3 Nc2 55. Kd2 c4 56. Kc1 c3 57. Kd1 Na3 0-1

[Event "GER-ch U14"]
[Site "Willingen"]
[Date "2020.10.23"]
[Round "6"]
[White "Tham, Nam"]
[Black "Foerster Yialamas, Lucas"]
[Result "1-0"]
[WhiteElo "1890"]
[BlackElo "2033"]
[PlyCount "119"]
[EventDate "2020.10.19"]
[EventType "swiss"]
[EventRounds "7"]
[EventCountry "GER"]
[SourceTitle "EXT 2022"]
[Source "ChessBase"]
[SourceDate "2021.10.06"]
[SourceVersion "1"]
[SourceVersionDate "2021.10.06"]
[SourceQuality "1"]

1. e4 c5 2. Nf3 d6 3. d4 cxd4 4. Nxd4 Nf6 5. Nc3 a6 6. Be3 e5 7. Nb3 Be6 8. f3 Nbd7 9. Qd2 b5 10. 0-0-0 Be7 11. g4 Nb6 12. Qf2 Nc4 13. Bxc4 bxc4 14. Nc5 Bxg4 15. Nd5 Nxd5 16. exd5 Bf5 17. Ne4 Bxe4 18. fxe4 Qa5 19. Rhg1 g6 20. Bh6 Rg8 21. Qd2 Qa4 22. Qc3 Rc8 23. Rdf1 Rb8 24. b3 Qa3+ 25. Kd2 Qb4 26. bxc4 Qxc3+ 27. Kxc3 f6 28. Be3 Kd7 29. Rb1 Rgc8 30. Ba7 Ra8 31. Rb7+ Rc7 32. Rxc7+ Kxc7 33. Be3 Rb8 34. Rf1 Kd7 35. a4 Bd8 36. c5 dxc5 37. Bxc5 Ba5+ 38. Kc4 Rb2 39. c3 Rc2 40. Bb4 Bd8 41. Bc5 Re2 42. Kd3 Rxh2 43. Rb1 Rh3+ 44. Kc4 Ba5 45. Bb4 Bxb4 46. Rxb4 Kc7 47. a5 Re3 48. Rb6 Rxe4+ 49. Kc5 Re3 50. c4 f5 51. d6+ Kd7 52. Rxa6 Rd3 53. Ra7+ Ke6 54. Re7+ Kf6 55. a6 f4 56. a7 Ra3 57. Rxh7 f3 58. d7 f2 59. d8Q+ Kf5 60. Rf7+ 1-0

[Event "GER-ch U18 sf Berlin Online"]
[Site "Playchess.com INT"]
[Date "2020.05.01"]
[Round "9"]
[White "Tham, Nam"]
[Black "Zackrisson, Peter"]
[Result "1-0"]
[WhiteElo "1679"]
[BlackElo "1857"]
[PlyCount "61"]
[EventDate "2020.05.01"]
[EventType "swiss (blitz)"]
[EventRounds "13"]
[EventCountry "GER"]
[SourceTitle "CBM 195 Extra"]
[Source "ChessBase"]
[SourceDate "2020.05.31"]
[SourceVersion "1"]
[SourceVersionDate "2020.05.31"]
[SourceQuality "1"]

1. e4 c5 2. Nf3 Nc6 3. d4 cxd4 4. Nxd4 Nf6 5. Nc3 e5 6. Ndb5 d6 7. Bg5 a6 8. Na3 b5 9. Nd5 Be7 10. Bxf6 Bxf6 11. c4 b4 12. Nc2 0-0 13. Ncxb4 Nxb4 14. Nxb4 Qb6 15. Nd5 Qxb2 16. Be2 Bg5 17. 0-0 f5 18. Bd3 f4 19. Qh5 Bd8 20. c5 g6 21. Qh6 Qd4 22. Bc2 Qxc5 23. Bb3 Be6 24. Rac1 Qa3 25. Rc3 Qb2 26. Rh3 Rf7 27. Ne7+ Rxe7 28. Bxe6+ Rxe6 29. Qxh7+ Kf8 30. Qh8+ Ke7 31. Rh7# 1-0

[Event "Berlin Spandau op"]
[Site "Berlin"]
[Date "2019.12.29"]
[Round "6"]
[White "Tham, Nam"]
[Black "Balov, Darko"]
[Result "1/2-1/2"]
[WhiteElo "1869"]
[BlackElo "2094"]
[PlyCount "121"]
[EventDate "2019.12.27"]
[EventType "swiss"]
[EventRounds "7"]
[EventCountry "GER"]
[SourceTitle "CBM 194 Extra"]
[Source "ChessBase"]
[SourceDate "2020.03.31"]
[SourceVersion "1"]
[SourceVersionDate "2020.03.31"]
[SourceQuality "1"]

1. e4 c6 2. Nc3 d5 3. Nf3 Bg4 4. h3 Bxf3 5. Qxf3 e6 6. d3 Nf6 7. g3 Nbd7 8. Bg2 Be7 9. 0-0 0-0 10. Qe2 dxe4 11. dxe4 e5 12. Be3 Bc5 13. Rad1 Qe7 14. Rd2 Nb6 15. Nd1 Rfd8 16. Bxc5 Qxc5 17. Ne3 Qa5 18. Rfd1 Rxd2 19. Qxd2 Qxd2 20. Rxd2 g6 21. b3 Kf8 22. Ng4 Nxg4 23. hxg4 f6 24. f4 Ke7 25. Kf2 Nd7 26. Ke3 Rg8 27. Kf3 Nc5 28. f5 Rd8 29. Rxd8 Kxd8 30. Bf1 b5 31. Ke3 Kc7 32. c3 Kd6 33. Be2 Nd7 34. Bd1 Kc5 35. Be2 g5 36. Bd1 a5 37. Bc2 Nb6 38. Kd3 Nc8 39. Bd1 Nd6 40. Bc2 Kb6 41. Bd1 b4 42. c4 Kc5 43. Bc2 a4 44. Bd1 axb3 45. axb3 Nb7 46. Bc2 Kd6 47. Ke3 Na5 48. Bd1 c5 49. Kd3 Nc6 50. Ke3 Ke7 51. Kd3 Nd4 52. Ke3 Kf7 53. Kd3 Kg7 54. Ke3 h5 55. Kf2 Kh6 56. Kg2 hxg4 57. Kf2 Kg7 58. Ke3 Kf7 59. Kf2 Ke7 60. Ke3 Kd6 61. Kd3 1/2-1/2

[Event "Berlin Spandau op"]
[Site "Berlin"]
[Date "2019.12.28"]
[Round "4"]
[White "Tham, Nam"]
[Black "Bolon, Karelle"]
[Result "1-0"]
[WhiteElo "1869"]
[BlackElo "2008"]
[PlyCount "85"]
[EventDate "2019.12.27"]
[EventType "swiss"]
[EventRounds "7"]
[EventCountry "GER"]
[SourceTitle "CBM 194 Extra"]
[Source "ChessBase"]
[SourceDate "2020.03.31"]
[SourceVersion "1"]
[SourceVersionDate "2020.03.31"]
[SourceQuality "1"]

1. e4 e6 2. d4 d5 3. Nc3 Nf6 4. e5 Nfd7 5. f4 c5 6. Nf3 Nc6 7. Be3 a6 8. Be2 b5 9. 0-0 Qb6 10. Bf2 cxd4 11. Nxd4 Nxd4 12. Bxd4 Bc5 13. Bxc5 Qxc5+ 14. Kh1 Bb7 15. Bd3 g6 16. Qe2 Nb6 17. Rad1 h5 18. Nb1 Rc8 19. Nd2 Na4 20. Nb3 Qb6 21. c3 Nc5 22. Nxc5 Rxc5 23. Qc2 Qc7 24. Qb3 Kf8 25. a4 Qc6 26. axb5 axb5 27. Rde1 Kg7 28. Qd1 Ra8 29. Rf3 Rh8 30. h4 Qc7 31. Rg3 Qe7 32. Rg5 Kh6 33. Qe2 Rc4 34. Qd2 Rd8 35. Rd1 Rdc8 36. Kh2 b4 37. Bxc4 Rxc4 38. Qe3 bxc3 39. bxc3 Rc5 40. Rb1 Ba6 41. Rb6 Bb5 42. f5 exf5 43. Rgxg6+ 1-0

[Event "Berlin Lichtenrade op 15th"]
[Site "Berlin"]
[Date "2019.10.16"]
[Round "5"]
[White "Becker, Werner"]
[Black "Tham, Nam"]
[Result "1/2-1/2"]
[WhiteElo "1760"]
[BlackElo "1927"]
[PlyCount "38"]
[EventDate "2019.10.12"]
[EventType "swiss"]
[EventRounds "9"]
[EventCountry "GER"]
[SourceTitle "CBM 195 Extra"]
[Source "ChessBase"]
[SourceDate "2020.05.31"]
[SourceVersion "1"]
[SourceVersionDate "2020.05.31"]
[SourceQuality "1"]

1. d4 d5 2. c4 e6 3. Nc3 c6 4. cxd5 exd5 5. Qc2 Bd6 6. e3 Nf6 7. Bd3 0-0 8. Nge2 Re8 9. 0-0 Nbd7 10. Ng3 Nf8 11. Re1 Ng6 12. Bd2 Bd7 13. e4 Bxg3 14. hxg3 dxe4 15. Nxe4 Nxe4 16. Bxe4 Be6 17. Be3 Bd5 18. Bd3 Qf6 19. a3 h6 1/2-1/2

[Event "Pardubice Czech op-B 30th"]
[Site "Pardubice"]
[Date "2019.07.19"]
[Round "1"]
[White "Stock, Andreas"]
[Black "Tham, Nam"]
[Result "1-0"]
[WhiteElo "2067"]
[BlackElo "1853"]
[PlyCount "69"]
[EventDate "2019.07.19"]
[EventType "swiss"]
[EventRounds "9"]
[EventCountry "CZE"]
[SourceTitle "EXT 2020"]
[Source "ChessBase"]
[SourceDate "2019.10.17"]
[SourceVersion "1"]
[SourceVersionDate "2019.10.17"]
[SourceQuality "1"]

1. c4 e6 2. Nc3 d5 3. cxd5 exd5 4. d4 c6 5. Nf3 Nf6 6. Qc2 g6 7. Bg5 Bf5 8. Qb3 b6 9. h3 h6 10. Bf4 Bd6 11. Be5 0-0 12. e3 Qe7 13. Be2 Nbd7 14. Bxd6 Qxd6 15. 0-0 Rfe8 16. a4 Rab8 17. Rac1 Ne4 18. Rfd1 Qe6 19. Nxe4 Bxe4 20. Qc3 c5 21. Nd2 g5 22. Nxe4 dxe4 23. Bg4 f5 24. Be2 Kh7 25. b4 cxb4 26. Qxb4 Rbc8 27. Ba6 Rxc1 28. Rxc1 Nf6 29. Rc7+ Kg6 30. Rxa7 f4 31. Bc4 Nd5 32. Bxd5 Qxd5 33. Qxb6+ Re6 34. Qb7 Qf5 35. Qh7+ 1-0

[Event "GER-ch U14"]
[Site "Willingen"]
[Date "2019.06.14"]
[Round "8"]
[White "Weidenhoefer, Max"]
[Black "Tham, Nam"]
[Result "1-0"]
[WhiteElo "1787"]
[BlackElo "1993"]
[PlyCount "119"]
[EventDate "2019.06.08"]
[EventType "swiss"]
[EventRounds "9"]
[EventCountry "GER"]
[SourceTitle "CBM 191 Extra"]
[Source "ChessBase"]
[SourceDate "2019.09.30"]
[SourceVersion "1"]
[SourceVersionDate "2019.09.30"]
[SourceQuality "1"]

1. e4 e5 2. Nf3 Nc6 3. Bc4 Bc5 4. c3 Nf6 5. d3 d6 6. Bb3 a6 7. Nbd2 Ba7 8. 0-0 0-0 9. Re1 Ng4 10. Re2 h6 11. Nf1 Be6 12. Bxe6 fxe6 13. Ne3 Nf6 14. Nf1 d5 15. exd5 exd5 16. Nxe5 Nxe5 17. Rxe5 Bxf2+ 18. Kh1 d4 19. Rf5 Nd5 20. Qf3 Rxf5 21. Qxf5 Bh4 22. c4 Ne7 23. Qe6+ Kh8 24. Bxh6 Qf8 25. Qe4 Qf6 26. Bf4 Rf8 27. g3 Bg5 28. Bxg5 Qxg5 29. Kg2 Nf5 30. Re1 c5 31. Re2 Qf6 32. Kg1 Nd6 33. Qg2 b5 34. b3 Nf7 35. Rf2 Qe7 36. Qf3 Kg8 37. Qc6 Ne5 38. Rxf8+ Kxf8 39. Qe4 Kg8 40. Kg2 g5 41. Nd2 g4 42. Kf2 Qg5 43. Ke2 Kg7 44. Kd1 Qh5 45. Qb7+ Kh8 46. Qc8+ Kg7 47. Qxc5 bxc4 48. Nxc4 Qxh2 49. Qxe5+ Kg8 50. Nd2 Qh1+ 51. Qe1 Qc6 52. Qe4 Qc3 53. Qxg4+ Kh8 54. Qh5+ Kg8 55. Qg6+ Kh8 56. Qxa6 Qa1+ 57. Ke2 Qg1 58. Qf6+ Kg8 59. Qf2 Qh1 60. Qxd4 1-0

[Event "GER-ch U14"]
[Site "Willingen"]
[Date "2019.06.09"]
[Round "2"]
[White "Tham, Nam"]
[Black "Sinnhoefer, Joshua"]
[Result "1/2-1/2"]
[WhiteElo "1993"]
[BlackElo "1466"]
[PlyCount "80"]
[EventDate "2019.06.08"]
[EventType "swiss"]
[EventRounds "9"]
[EventCountry "GER"]
[SourceTitle "CBM 191 Extra"]
[Source "ChessBase"]
[SourceDate "2019.09.30"]
[SourceVersion "1"]
[SourceVersionDate "2019.09.30"]
[SourceQuality "1"]

1. e4 e5 2. Nf3 Nc6 3. Bc4 Bc5 4. c3 Nf6 5. d3 a6 6. Bb3 d6 7. h3 Ba7 8. Nbd2 0-0 9. Nf1 d5 10. Qe2 Be6 11. Ng3 Qd7 12. 0-0 dxe4 13. dxe4 Bxb3 14. axb3 Qe6 15. b4 Ne8 16. Nf5 Nd6 17. N3h4 Ne7 18. Qg4 Ng6 19. Kh1 Kh8 20. Nf3 Qc4 21. Nd2 Qd3 22. Kg1 Nxf5 23. exf5 Nf4 24. Re1 f6 25. Nf1 Qc2 26. Ne3 Qb3 27. Ra3 Qf7 28. c4 Rad8 29. Rd1 Rxd1+ 30. Qxd1 Qe7 31. c5 Rd8 32. Qc2 Rd4 33. Kh2 Qd7 34. c6 Qc8 35. g3 Nd5 36. Nxd5 Rxd5 37. Qe4 bxc6 38. Be3 Bxe3 39. Qxe3 h6 40. Qf3 Rd2 1/2-1/2

[Event "Berlin-ch QT"]
[Site "Berlin"]
[Date "2019.04.26"]
[Round "7"]
[White "Tham, Nam"]
[Black "Gros, Dirk"]
[Result "1/2-1/2"]
[WhiteElo "1915"]
[BlackElo "2023"]
[PlyCount "44"]
[EventDate "2019.04.20"]
[EventType "swiss"]
[EventRounds "9"]
[EventCountry "GER"]
[SourceTitle "EXT 2020"]
[Source "ChessBase"]
[SourceDate "2019.10.17"]
[SourceVersion "1"]
[SourceVersionDate "2019.10.17"]
[SourceQuality "1"]

1. e4 c5 2. Nf3 e6 3. d4 cxd4 4. Nxd4 d6 5. Nc3 Nf6 6. Bd3 Be7 7. 0-0 a6 8. Qe2 0-0 9. Kh1 b5 10. a3 Bb7 11. f4 Nbd7 12. Bd2 Qc7 13. Rae1 Nc5 14. b4 Nxd3 15. cxd3 Rac8 16. Rc1 Qb8 17. Qf2 Nd7 18. Qg3 Bf6 19. Nde2 Be7 20. Nd4 Rfe8 21. Qh3 Bf6 22. Nde2 Rc7 1/2-1/2

[Event "Berlin-ch QT"]
[Site "Berlin"]
[Date "2019.04.25"]
[Round "6"]
[White "Tham, Nam"]
[Black "Kretzschmar, Jan"]
[Result "1-0"]
[WhiteElo "1915"]
[BlackElo "1807"]
[PlyCount "69"]
[EventDate "2019.04.20"]
[EventType "swiss"]
[EventRounds "9"]
[EventCountry "GER"]
[SourceTitle "EXT 2020"]
[Source "ChessBase"]
[SourceDate "2019.10.17"]
[SourceVersion "1"]
[SourceVersionDate "2019.10.17"]
[SourceQuality "1"]

1. e4 c5 2. Nf3 e6 3. d4 cxd4 4. Nxd4 Nc6 5. Nc3 Qc7 6. Be3 a6 7. f3 Nf6 8. Qd2 Be7 9. 0-0-0 Nxd4 10. Bxd4 b5 11. Kb1 Bb7 12. g4 Rc8 13. h4 Bc6 14. h5 b4 15. Ne2 e5 16. Be3 Nxe4 17. fxe4 Bxe4 18. Bh3 Bxc2+ 19. Ka1 Bxd1 20. Rxd1 0-0 21. g5 Rfd8 22. g6 Qc2 23. gxf7+ Kf8 24. Qe1 a5 25. Bb6 Bh4 26. Qf1 a4 27. Bf5 e4 28. Nd4 Qh2 29. Bxd8 a3 30. Qe2 axb2+ 31. Qxb2 Qxb2+ 32. Kxb2 Bxd8 33. Bxd7 Ra8 34. Ne6+ Ke7 35. f8Q# 1-0

[Event "Berlin-ch QT"]
[Site "Berlin"]
[Date "2019.04.24"]
[Round "5"]
[White "Mayer, Herbert"]
[Black "Tham, Nam"]
[Result "1/2-1/2"]
[WhiteElo "1827"]
[BlackElo "1915"]
[PlyCount "56"]
[EventDate "2019.04.20"]
[EventType "swiss"]
[EventRounds "9"]
[EventCountry "GER"]
[SourceTitle "EXT 2020"]
[Source "ChessBase"]
[SourceDate "2019.10.17"]
[SourceVersion "1"]
[SourceVersionDate "2019.10.17"]
[SourceQuality "1"]

1. b3 d5 2. Bb2 Nd7 3. f4 Ngf6 4. Nf3 b6 5. e3 Bb7 6. Be2 e6 7. 0-0 Bd6 8. Ne5 0-0 9. Qe1 c5 10. d3 Be7 11. Nd2 Nxe5 12. Bxe5 Nd7 13. Bb2 Bh4 14. g3 Bf6 15. Bxf6 Qxf6 16. Bf3 Rfd8 17. Bg2 Rab8 18. Nf3 Re8 19. Qf2 b5 20. a4 b4 21. Rad1 Nf8 22. Ne5 Rec8 23. Qd2 Ba6 24. Rf2 Qd8 25. Bf1 Qc7 26. Qc1 Ng6 27. Nxg6 hxg6 28. Qb2 Rb6 1/2-1/2

[Event "Berlin-ch QT"]
[Site "Berlin"]
[Date "2019.04.23"]
[Round "4"]
[White "Tham, Nam"]
[Black "Hadj Sassi, Nabil"]
[Result "1/2-1/2"]
[WhiteElo "1915"]
[BlackElo "1973"]
[PlyCount "38"]
[EventDate "2019.04.20"]
[EventType "swiss"]
[EventRounds "9"]
[EventCountry "GER"]
[SourceTitle "EXT 2020"]
[Source "ChessBase"]
[SourceDate "2019.10.17"]
[SourceVersion "1"]
[SourceVersionDate "2019.10.17"]
[SourceQuality "1"]

1. e4 g6 2. d4 Bg7 3. Nf3 d6 4. c4 Bg4 5. Be2 Nc6 6. Be3 Bxf3 7. Bxf3 e5 8. d5 Nd4 9. Nc3 Ne7 10. Bxd4 exd4 11. Nb5 c5 12. 0-0 0-0 13. Rb1 a6 14. Na3 b5 15. cxb5 axb5 16. Nxb5 Rxa2 17. b4 Be5 18. Qb3 Ra8 19. Rfc1 Rc8 1/2-1/2

[Event "Berlin-ch QT"]
[Site "Berlin"]
[Date "2019.04.22"]
[Round "3"]
[White "Federau, Juergen"]
[Black "Tham, Nam"]
[Result "1/2-1/2"]
[WhiteElo "2066"]
[BlackElo "1915"]
[PlyCount "44"]
[EventDate "2019.04.20"]
[EventType "swiss"]
[EventRounds "9"]
[EventCountry "GER"]
[SourceTitle "EXT 2020"]
[Source "ChessBase"]
[SourceDate "2019.10.17"]
[SourceVersion "1"]
[SourceVersionDate "2019.10.17"]
[SourceQuality "1"]

1. d4 d5 2. c4 e6 3. Nc3 c6 4. Nf3 dxc4 5. a4 Bb4 6. g3 Nf6 7. Bg2 0-0 8. 0-0 Nbd7 9. Qc2 Qc7 10. Na2 Bd6 11. Qxc4 e5 12. Qc2 Re8 13. Nc3 a5 14. Rd1 exd4 15. Nxd4 Ne5 16. Nf5 Bxf5 17. Qxf5 Rad8 18. Bg5 Ned7 19. Qc2 h6 20. Bxf6 Nxf6 21. Rd2 Qb6 22. Rad1 Bb4 1/2-1/2

[Event "Berlin-ch QT"]
[Site "Berlin"]
[Date "2018.04.07"]
[Round "8"]
[White "Haenisch, Christoph"]
[Black "Tham, Nam"]
[Result "0-1"]
[WhiteElo "1805"]
[BlackElo "1845"]
[PlyCount "86"]
[EventDate "2018.03.31"]
[EventType "swiss"]
[EventRounds "9"]
[EventCountry "GER"]
[SourceTitle "EXT 2020"]
[Source "ChessBase"]
[SourceDate "2019.10.17"]
[SourceVersion "1"]
[SourceVersionDate "2019.10.17"]
[SourceQuality "1"]

1. d4 d5 2. c4 e6 3. Nf3 c6 4. e3 f5 5. Bd3 Nf6 6. 0-0 Bd6 7. b3 Qe7 8. Bb2 0-0 9. Qc1 b6 10. Ba3 c5 11. cxd5 Nxd5 12. dxc5 bxc5 13. Nbd2 Ba6 14. Bxa6 Nxa6 15. Nc4 Bc7 16. Bb2 Nab4 17. Rd1 f4 18. e4 Nf6 19. a3 Nc6 20. Qc2 e5 21. Rac1 Rac8 22. Bc3 Nd4 23. Bxd4 cxd4 24. Qd3 Nd7 25. b4 h6 26. Rc2 Kh7 27. Rdc1 Rcd8 28. Nfd2 Bd6 29. Nb3 Qe6 30. Nxd4 exd4 31. e5+ Kh8 32. exd6 Ne5 33. Nxe5 Qxe5 34. Re2 Qxd6 35. f3 Rfe8 36. Re4 Rxe4 37. fxe4 f3 38. gxf3 Qg6+ 39. Kh1 Qg5 40. Rc4 Qe3 41. Qd1 d3 42. Kg2 d2 43. Kf1 Qd3+ 0-1

[Event "Berlin-ch QT"]
[Site "Berlin"]
[Date "2018.04.05"]
[Round "6"]
[White "Stein, Siegfried"]
[Black "Tham, Nam"]
[Result "1/2-1/2"]
[WhiteElo "1788"]
[BlackElo "1845"]
[PlyCount "146"]
[EventDate "2018.03.31"]
[EventType "swiss"]
[EventRounds "9"]
[EventCountry "GER"]
[SourceTitle "EXT 2020"]
[Source "ChessBase"]
[SourceDate "2019.10.17"]
[SourceVersion "1"]
[SourceVersionDate "2019.10.17"]
[SourceQuality "1"]

1. e4 e5 2. Nc3 Nf6 3. Bc4 Bc5 4. d3 d6 5. f4 Nc6 6. Nf3 Bg4 7. Na4 Bb6 8. Nxb6 axb6 9. a3 0-0 10. h3 Bxf3 11. Qxf3 Nd4 12. Qf2 Qe7 13. c3 Nc6 14. 0-0 Nd7 15. f5 Na5 16. Ba2 Qe8 17. Bg5 h6 18. Bh4 Kh7 19. f6 g6 20. Rae1 Nc5 21. Re3 Ne6 22. Bg3 Nc6 23. h4 Rg8 24. h5 g5 25. Qf5+ Kh8 26. Be1 Ncd8 27. Bb1 Nf4 28. Ba2 Nde6 29. Kh2 g4 30. Bh4 Ng5 31. Rg3 Qc8 32. Qxc8 Raxc8 33. Rxg4 Rcf8 34. d4 Kh7 35. Bxg5 Rxg5 36. Rxg5 hxg5 37. g4 exd4 38. cxd4 Kg8 39. e5 d5 40. Rf2 c6 41. Rc2 Ra8 42. Bb3 b5 43. Rd2 Kh7 44. Kg3 Kh6 45. Kf3 Ne6 46. Bc2 Nf4 47. Ke3 Rc8 48. Bb3 Ra8 49. Rc2 Ne6 50. Kd3 Rb8 51. Kc3 Ra8 52. Rd2 Ra7 53. Kb4 Ra8 54. Bc2 Ra7 55. b3 b6 56. a4 Ra5 57. axb5 Rxb5+ 58. Kc3 c5 59. dxc5 Rxc5+ 60. Kb2 d4 61. Re2 d3 62. Bxd3 Nf4 63. Re3 Rxe5 64. Rf3 Nxd3+ 65. Rxd3 Re6 66. Kc3 Rxf6 67. Rd4 b5 68. Re4 Rf3+ 69. Kc2 Rf2+ 70. Kd3 Rf3+ 71. Re3 Rf4 72. Re4 Rf1 73. Ke2 Rf6 1/2-1/2

[Event "GER-chT U14"]
[Site "Verden an der Aller"]
[Date "2017.12.29"]
[Round "6.3"]
[White "Schnabel, Luise"]
[Black "Tham, Nam"]
[Result "0-1"]
[WhiteElo "1740"]
[BlackElo "1818"]
[PlyCount "90"]
[EventDate "2017.12.26"]
[EventType "team-swiss"]
[EventRounds "7"]
[EventCountry "GER"]
[SourceTitle "CBM 182 Extra"]
[Source "ChessBase"]
[SourceDate "2018.02.23"]
[SourceVersion "1"]
[SourceVersionDate "2018.02.23"]
[SourceQuality "1"]
[WhiteTeam "Berlin Mattnetz"]
[BlackTeam "Weisse Dame"]
[WhiteTeamCountry "GER"]
[BlackTeamCountry "GER"]

1. e4 e5 2. Nc3 Nf6 3. f4 d5 4. fxe5 Nxe4 5. Nf3 Bc5 6. d4 Bb4 7. Bd2 Bg4 8. Bd3 Nxd2 9. Qxd2 Bxf3 10. gxf3 Qh4+ 11. Qf2 Qf4 12. a3 Bxc3+ 13. bxc3 Nd7 14. Rg1 g6 15. Rg4 Qh6 16. f4 0-0-0 17. Qh4 Qg7 18. Kd2 Rhe8 19. f5 Kb8 20. Rgg1 c5 21. Qf4 Ka8 22. Raf1 cxd4 23. cxd4 Qf8 24. fxg6 hxg6 25. Qxf7 Qxa3 26. Qxg6 Qb4+ 27. c3 Qb2+ 28. Bc2 Rc8 29. Qd3 Rh8 30. Rg2 Nb6 31. Rb1 Qa2 32. Ke1 Rh4 33. Qg3 Rch8 34. Qg8+ Nc8 35. Qg7 Qa6 36. Rg6 b6 37. Qd7 Rxh2 38. Qxd5+ Kb8 39. Qe4 Qc4 40. Rb3 Rh1+ 41. Kd2 R8h2+ 42. Rg2 Qf1 43. Re2 Qe1+ 44. Kd3 Rxe2 45. Qxe2 Rh3+ 0-1

[Event "GER-chT U14"]
[Site "Verden an der Aller"]
[Date "2017.12.28"]
[Round "4.3"]
[White "Grabbel, Lennart Christian"]
[Black "Tham, Nam"]
[Result "0-1"]
[WhiteElo "1720"]
[BlackElo "1818"]
[PlyCount "130"]
[EventDate "2017.12.26"]
[EventType "team-swiss"]
[EventRounds "7"]
[EventCountry "GER"]
[SourceTitle "CBM 182 Extra"]
[Source "ChessBase"]
[SourceDate "2018.02.23"]
[SourceVersion "1"]
[SourceVersionDate "2018.02.23"]
[SourceQuality "1"]
[WhiteTeam "Hamburger SK"]
[BlackTeam "Weisse Dame"]
[WhiteTeamCountry "GER"]
[BlackTeamCountry "GER"]

1. Nf3 d5 2. d4 e6 3. c4 c6 4. e3 f5 5. Nc3 Nf6 6. Qc2 Bd6 7. g3 0-0 8. c5 Bc7 9. Bg2 Ne4 10. 0-0 Nd7 11. b4 e5 12. dxe5 Nxe5 13. Nxe5 Bxe5 14. Bb2 Qf6 15. Nd1 Bd7 16. Rc1 Be8 17. Bxe5 Qxe5 18. Nb2 a5 19. Nd3 Qc7 20. a3 Bh5 21. Nf4 Qf7 22. Nxh5 Qxh5 23. Rfd1 Rf6 24. b5 Rh6 25. h4 Rf8 26. Qa4 Rg6 27. bxc6 bxc6 28. Qxa5 Qe2 29. Qe1 Qg4 30. Rc2 Nf6 31. Ra1 Qa4 32. Qb1 Nh5 33. Rb2 h6 34. Rb4 Qa5 35. Bf3 Nxg3 36. fxg3 Rxg3+ 37. Kf2 Rg6 38. Qc2 Qc7 39. Rf4 Qe5 40. Rd1 Re8 41. Qd2 Rb8 42. Qd4 Qe6 43. Bh5 Rf6 44. Qc3 Kh7 45. Rg1 Qd7 46. Be2 Re8 47. Bd3 Qe7 48. Bc2 Qf7 49. Bd1 Re4 50. Bf3 d4 51. Qd3 dxe3+ 52. Kg3 Rg6+ 53. Bg4 Rxg4+ 54. Rxg4 Rxg4+ 55. Kh2 Qa2+ 56. Kh3 Rxg1 57. Qxf5+ Kh8 58. Qf8+ Qg8 59. Qe7 Qb8 60. Qxe3 Rb1 61. Qe4 Qb3+ 62. Kg4 Rg1+ 63. Kf5 Qf7+ 64. Ke5 Qe7+ 65. Kd4 Rd1+ 0-1

[Event "GER-chT U14"]
[Site "Verden an der Aller"]
[Date "2017.12.27"]
[Round "1.3"]
[White "Tham, Nam"]
[Black "Biermann, Sophie"]
[Result "0-1"]
[WhiteElo "1818"]
[BlackElo "1478"]
[PlyCount "88"]
[EventDate "2017.12.26"]
[EventType "team-swiss"]
[EventRounds "7"]
[EventCountry "GER"]
[SourceTitle "CBM 182 Extra"]
[Source "ChessBase"]
[SourceDate "2018.02.23"]
[SourceVersion "1"]
[SourceVersionDate "2018.02.23"]
[SourceQuality "1"]
[WhiteTeam "Weisse Dame"]
[BlackTeam "Konz Karthaus"]
[WhiteTeamCountry "GER"]
[BlackTeamCountry "GER"]

1. e4 d5 2. exd5 Qxd5 3. Nc3 Qa5 4. d4 c6 5. Bc4 Bf5 6. Bd2 Qc7 7. Qe2 e6 8. 0-0-0 Nf6 9. d5 cxd5 10. Bb3 Be7 11. Ba4+ Nc6 12. Nf3 0-0 13. Rhe1 Rac8 14. Nb5 Qd8 15. Nfd4 Nxd4 16. Nxd4 Bg6 17. h3 Qb6 18. Bg5 Rc4 19. Nxe6 Qxe6 20. Qxe6 fxe6 21. Rxe6 Re4 22. Re1 Rxe1+ 23. Rxe1 Bc5 24. f3 Be8 25. Bb3 Bc6 26. Kd2 Nd7 27. Bh4 Nb6 28. a3 Rf4 29. Bg3 Rf6 30. Bb8 Nd7 31. Bc7 Rg6 32. Re2 Nb6 33. g3 Bd6 34. Bxd6 Rxd6 35. f4 Kf8 36. Re5 Rd7 37. Rh5 g6 38. Rh4 Re7 39. Rg4 Rf7 40. Kd3 Rf5 41. Kd4 Ke7 42. c3 Rh5 43. h4 Bd7 44. f5 Rxf5 0-1